[Event "POL-ch Blitz U18 Girls"]
[Site "Bydgoszcz"]
[Date "2023.08.31"]
[Round "8"]
[White "Chmielek, Kamelia"]
[Black "Kawka, Milena"]
[Result "1-0"]
[WhiteElo "1364"]
[BlackElo "1581"]
[PlyCount "70"]
[EventDate "2023.08.28"]
[EventType "swiss"]
[EventRounds "9"]
[EventCountry "POL"]
[SourceTitle "EXT 2024"]
[Source "ChessBase"]
[SourceDate "2023.10.10"]
[SourceVersion "1"]
[SourceVersionDate "2023.10.10"]
[SourceQuality "1"]

1. e4 c5 2. Nf3 Nc6 3. d4 cxd4 4. Nxd4 g6 5. c4 Bg7 6. Be3 Nf6 7. Nc3 d6 8. Be2 0-0 9. 0-0 Bd7 10. f3 Nxd4 11. Bxd4 Bc6 12. Qd2 Nd7 13. Be3 a5 14. b3 Nc5 15. Rfd1 Be5 16. Rac1 e6 17. Qe1 Qf6 18. Nb5 Bxb5 19. cxb5 b6 20. Qf2 Rac8 21. Bc4 Rfd8 22. Bd4 d5 23. Bxe5 Qxe5 24. exd5 exd5 25. Re1 Qf6 26. Bf1 Re8 27. Rcd1 Rcd8 28. Rxe8+ Rxe8 29. Rxd5 Qa1 30. Qd4 Qxa2 31. Rd8 Rxd8 32. Qxd8+ Kg7 33. Qxb6 Nxb3 34. Qd6 a4 35. b6 Kg8 1-0